00241nam a2200085Ia 4500008004100000100003500041245004500076260002500121260000900146170620s9999 xx 000 0 und d aAggarwal-Gopal Krishna (Hindi) 0aSamajik anusandhan ki padhatiyan (Hindi) bAgra- Sahitya Bhawan c2006